KOHA-Header-6

Mathematics For Class x (Record no. 6552)

000 -LEADER
fixed length control field 00260nam a2200109Ia 4500
100 ## - MAIN ENTRY--AUTHOR NAME
Personal name Dass,H.k
245 #0 - TITLE STATEMENT
Title Mathematics For Class x
260 ## - PUBLICATION, DISTRIBUTION, ETC. (IMPRINT)
Place of publication New Delhi
Name of publisher Bantam Books Inc
Year of publication 2004
300 ## - PHYSICAL DESCRIPTION
Number of Pages 806
942 ## - ADDED ENTRY ELEMENTS (KOHA)
Koha item type Books
Holdings
Withdrawn status Lost status Collection code Permanent Location Current Location Shelving location Date acquired Full call number Accession Number Koha item type
    Mathematics MAJU MAJU Shelf No.A26 2019-09-07 658.1511 4741 Mathematics

Powered by Koha